Quizzes
Events
Quiz Creation
Community
Videos
Private Events
Remove Ads
Sign In
Join for FREE
Feedback
Dark Mode
Quiz Categories
Sports
Geography
Music
Movies
Television
Just For Fun
Miscellaneous
History
Literature
Language
Science
Gaming
Entertainment
Religion
Holiday
For Kids
Quiz Lab
Recent
Popular Today
Quiz Kudos Today
Editor Picks
Curator Picks
Quizzes by...
Day
Popularity
Type
Ratings
Length
Year
Community
Subscriptions
Recent Discussions
Orange Saloon
Badges
Playlists
Quests
Create
Leaderboards
Showdown
Live 5
Trivia Bingo
Activity
Puzzle Library
Sporcle Events
Private Events
Virtual Trivia
Globe League
Become a Host
Pub Owners
SporcleCon
Opinionation
Our Games
Videos
Blog
Mobile Apps
Partnerships
Remove Ads and Go Orange
Feedback
Television
TV Characters
TV Show
Sitcom
Network
Friends
Reality Shows
Cast
South Park
Star Trek
The Simpsons
Doctor Who
Television
TV Characters
TV Show
Sitcom
Network
Friends
Reality Shows
Cast
South Park
Star Trek
The Simpsons
Doctor Who
Random Quiz
Search Sporcle
×
Quiz Lab
Quiz Lab
Television
Show
Type in answers that appear in a list
Type in answers that appear in a list
Classic
Best Score? Go Orange.
Sci/fi, Fantasy, & Supernatural TV Stats
Can you name the Sci/Fi, Fantasy, or Supernatural TV Show (some answers repeat and be precise).?
By
Bonzoina
10m
30 Questions
514 Plays
514 Plays
514 Plays
Comments
Comments
Give Quiz Kudos
Give Quiz Kudos
-
- Ratings
hide this ad
Forced Order
Answers have to be entered in order
Answers have to be entered in order
Replay
Link that replays current quiz
Next Quiz
Link to next quiz in quiz playlist
You Got
0%
They Got
Avg Score
22%
Avg Friend Score
Upgrade to see
Score Distribution
Jump to the score distribution portion of the page
Score
0/30
Timer
10:00
0
Plays Today
Actors
TV Show
% Correct
Charisma Carpenter, Emma Caulfield, Amber Benson
Buffy the Vampire Slayer
67.9%
DeForest Kelley, James Doohan, Walter Koenig
Star Trek
53.1%
Glenn Quinn, Amy Acker, J. August Richards
Angel
43.4%
Ian Chesterton, Freema Agyeman, Grace Holloway
Doctor Who
43.2%
Amanda Tapping, Don S. Davis, Michael Shanks
Stargate SG-1
38.9%
Ryan Kwanten, Sam Trammell, Rutina Wesley
True Blood
32.9%
Jamie Bamber, James Callis, Kandyse McClure
Battlestar Galactica
32.1%
Gareth David-
Lloyd, Kai Owen, Burn Gorman
Torchwood
30.5%
Jack Coleman, Adrian Pasdar, Cristine Rose
Heroes
30.5%
Richard Hatch, Dirk Benedict, Jane Seymour
Battlestar Galactica
29%
John Noble, Lance Reddick, Jasika Nicole
Fringe
29%
Nestor Carbonell, Ken Leung, Jeremy Davies
Lost
23.5%
Roxann Dawson, Ethan Phillips, Tim Russ
Star Trek Voyager
22%
Gil Gerard, Erin Gray, Thom Christopher
Buck Rogers
20%
Harry Lennix, Fran Kranz, Dichen Lachman
Dollhouse
19.3%
Actors
TV Show
% Correct
Sara Canning, Michael Trevino, Kayala Ewell
The Vampire Diaries
18.7%
Cleavant Derricks, Kari Wuhrer, Charlie O'Connell
Sliders
17.7%
Jay Mohr, Jamie Kennedy, Aisha Tyler
Ghost Whisperer
16.1%
Joanne Kelly, Genelle Williams, Saul Rubinex
Warehouse 13
14.4%
Jack Davenport, Peyton List, Zachary Knighton
Flash Forward
9.7%
Elyse Levesque, David Blue, Alaina Huffman
Stargate Universe
9.5%
Joel Gretsch, Lourdes Benedicto, Morris Chestnut
V
8.8%
Patrick Flueger, Billy Campbell, Jacqueline McKenzie
The 4400
8.6%
Andrea Parker, James Denton, Patrick Bauchau
The Pretender
7.6%
Nicole de Boer, John L. Adams, Bill Mondy
The Dead Zone
7.2%
Jake Weber, David Cubitt, Maria Lark
Medium
6.8%
Frank Ashmore, Michael Wright, Andrew Prine
V
6.2%
Joan Bennett, Nancy Barrett, David Henesy
Dark Shadows
6%
Gregory Harrison, Heather Menzies, Randolph Powell
Logan's Run
5.6%
Richard Anderson, Darren McGavin, Jennifer Darling
Six Million Dollar Man
3.3%
Quiz Playlist
Details
Report
Send in Message
Add To Playlist
Classic:
Type in answers that appear in a list
Forced Order:
Answers have to be entered in order
Last Updated: Feb 16, 2017
Quiz Scoreboard
CHALLENGE
Sign Up to Join the Scoreboard
Show All
Scores
Hide
Comments
May contain spoilers
Recently Published
TV Characters by Other Roles V
by ghcgh
Television
5m
Decade Duel: World Leaders
by jenniferyan
History
4m
Alphabetical 'K' Countries by Flag Minefield
by ylime102
Geography
3m
More to Explore
Quiz From the Vault
Featured Blog Post
15 Basketball Trivia Facts You Can Be March Mad About
hide this ad
You Might Also Like...
Tags
Actor Quiz
Show Quiz
Fantasy
FIFA
precise
repeat
sci-fi
Supernatural
Today's Top Quizzes in Television
Browse Television
hide this ad
Today's Top Quizzes in Show
Browse Show
Top Contributed Quizzes in Television
1
Hidden Simpsons Character
2
One Piece Logic Puzzle
3
First Name TV: Leading Men
4
Hidden Simpsons Character XXIV
5
Grey's Anatomy Logic Puzzle
6
First Name TV: Leading Women Drama
7
Hidden Simpsons Character II
8
Hidden Simpsons Character XXVI
9
Hidden Simpsons Character XXV
10
TV Characters by Other Roles VI
Explore More
Trending Topics
Marvel
Anime
Disney
Harry Potter
Crossword
NBA
Kpop
Soccer
The Office
WWE
NFL
Country
Puzzle
Song
Pokémon
hide this ad
More By:
Bonzoina
Quiz
Plays
Rating
Category
Featured
Created
Sci/fi, Fantasy, & Supernatural TV
514
3.00
Television
Nov 3, 2009
Name that classic rock band or artist
259
1.40
Entertainment
Nov 15, 2009
Go to Creator's Profile
Score Distribution
Quiz Creator Spotlight
Bonzoina
Follow
Send a Message
Quizzes Created
-
Created Quiz Play Count
-
More By This Creator
Popular Quizzes Today
1
Countries of Asia Without Outlines Minefield
2
Find the US States - No Outlines Minefield
3
Pick 6: Fruits
4
The Countries of the World
5
Find the Countries of Europe - No Outlines Minefield
6
Alphabetical 'K' Countries by Flag Minefield
7
US States
8
Find the US States
More Television Quizzes
TWD S2 - Who Survived?
Quiz Lab
Trending Quizzes
Pick 6: Mountains
Pick 6: Harry Potter
Pick 6: Flags
Pick 6: NFL Teams
C Names for Actors
Recently Updated
Adaptations: Name the Title
pecheneg
NWSL Teams
pecheneg
Women's Final Four Teams by Year
bhenderson79
Presidents Quartet II
eogle
Anything But Clue(do)
eogle
Anything But Oceanian Capitals
eogle
Anything But 7
eogle
Anything But Thing
eogle
Word Ladder: February 29
pecheneg
Song Title Questions
pecheneg
Trending Topics
Marvel
Disney
NBA
Anime
Crossword
Harry Potter
Kpop
Pokémon
The Office
Puzzle
Song
Soccer
NFL
WWE
Country
Your Account Isn't Verified!
In order to create a playlist on Sporcle, you need to verify the email address you used during registration. Go to your
Sporcle Settings
to finish the process.
Report this User
Report this user for behavior that violates our
Community Guidelines
.
Details:
Send Report
Go to the Sporcle.com Mobile Site →
Comments